Quizzes
Events
Quiz Creation
Community
Videos
Private Events
Remove Ads
Sign In
Join for FREE
Feedback
Dark Mode
Quiz Categories
Sports
Geography
Music
Movies
Television
Just For Fun
Miscellaneous
History
Literature
Language
Science
Gaming
Entertainment
Religion
Holiday
For Kids
Quiz Lab
Recent
Popular Today
Quiz Kudos Today
Editor Picks
Curator Picks
Quizzes by...
Day
Popularity
Type
Ratings
Length
Year
Community
Subscriptions
Recent Discussions
Orange Saloon
Badges
Playlists
Quests
Create
Leaderboards
Showdown
Live 5
Trivia Bingo
Activity
Puzzle Library
Sporcle Events
Private Events
Virtual Trivia
Globe League
Become a Host
Pub Owners
SporcleCon
Opinionation
Our Games
Videos
Blog
Mobile Apps
Partnerships
Remove Ads and Go Orange
Feedback
Sports
Athletes
MLB
NBA
NHL
NFL
Soccer
Sports Teams
WWE
NCAA
Football
Premier League
Basketball
Baseball
Hockey
Golf
Tennis
Cricket
Rugby
Auto Racing
Olympics
World Cup
Sports
Athletes
MLB
NBA
NHL
NFL
Soccer
Sports Teams
WWE
NCAA
Football
Premier League
Basketball
Baseball
Hockey
Golf
Tennis
Cricket
Rugby
Auto Racing
Olympics
World Cup
Random Quiz
Search Sporcle
×
Quiz Lab
Quiz Lab
Sports
Player
Type in answers that appear in a list
Type in answers that appear in a list
Classic
Best Score? Go Orange.
Every player Pep Guardiola has sold Stats
Can you name every player Pep Guardiola has sold?
By
SquawkaFootball
15m
37 Questions
230 Plays
230 Plays
230 Plays
Comments
Comments
Give Quiz Kudos
Give Quiz Kudos
-
- Ratings
hide this ad
Replay
Link that replays current quiz
Next Quiz
Link to next quiz in quiz playlist
You Got
0%
They Got
Avg Score
33%
Avg Friend Score
Upgrade to see
Score Distribution
Jump to the score distribution portion of the page
Score
0/37
Timer
15:00
0
Plays Today
Season
Player
% Correct
2010/
11
Yaya Toure
77.8%
2010/
11
Thierry Henry
77.8%
2011/
12
Zlatan Ibrahimovic
75.7%
2009/
10
Samuel Eto'o
74.8%
2008/
09
Ronaldinho
72.6%
2014/
15
Toni Kroos
70%
2015/
16
Bastian Schweinsteiger
68.3%
2008/
09
Deco
65.7%
2013/
14
Mario Gomez
58.3%
2011/
12
Bojan
52.2%
2014/
15
Mario Mandzukic
51.3%
2011/
12
Maxwell
47%
2017/
18
Aleksander Kolarov
45.2%
2017/
18
Nolito
39.7%
2008/
09
Giovani dos Santos
35.2%
2015/
16
Dante
35.2%
2015/
16
Pepe Reina
34.8%
2010/
11
Dmytro Chygrynskiy
34.3%
2013/
14
Luiz Gustavo
30.9%
Season
Player
% Correct
2016/
17
Stefan Jovetic
30.4%
2015/
16
Jan Kirchhoff
30%
2015/
16
Xherdan Shaqiri
26.1%
2017/
18
Aaron Mooy
26%
2008/
09
Gianluca Zambrotta
23%
2014/
15
Diego Contento
21.3%
2011/
12
Jeffren
20.9%
2009/
10
Eidur Gudjohnsen
20.4%
2013/
14
Emre Can
15.7%
2016/
17
Geronimo Rulli
12.2%
2017/
18
Enes Unal
11%
2008/
09
Marc Crosas
10.4%
2008/
09
Oleguer
9.6%
2011/
12
Martin Caceres
7%
2013/
14
Nils Petersen
6.1%
2015/
16
Sinan Kurt
4.3%
2017/
18
Ruben Sobrino
2.7%
2014/
15
Alessandro Schopf
2.6%
Quiz Playlist
Details
Report
Send in Message
Add To Playlist
Classic:
Type in answers that appear in a list
Last Updated: Aug 2, 2017
Quiz Scoreboard
CHALLENGE
Sign Up to Join the Scoreboard
Show All
Scores
Hide
Comments
May contain spoilers
Recently Published
9x9 Crossword: Cartoon Network
by jackfrog10
Miscellaneous
3m
College Basketball Coaching Resumes
by pancakes188
Sports
9m
Billboard Blitz: Fleetwood Mac
by CooCooCachoo
Music
15s
More to Explore
Quiz From the Vault
Featured Blog Post
Where Did the Easter Bunny Come From?
hide this ad
You Might Also Like...
Tags
Player
season
sold
Today's Top Quizzes in Sports
Browse Sports
hide this ad
Today's Top Quizzes in Player
Browse Player
Top Contributed Quizzes in Sports
1
2022 World Cup Stars
2
Les meilleurs buteurs des matchs entre le PSG et l’OM
3
FIFA Club World Cup Champions
4
Les entraîneurs de l'OM et du PSG au 21e siècle
5
Criteria MLB: Left Handed Sluggers
6
AFC Teams Reveal (Wrong Answers Minefield)
7
2023 MLB Unique Player Accomplishments
8
5-to-1: FBS Animal Nicknames
9
Players with Multiple 50 Home Run Seasons
10
5-to-1: UK Sports Teams
Explore More
Trending Topics
Disney
NBA
Harry Potter
Crossword
Anime
Kpop
Marvel
The Office
Puzzle
Song
NFL
Pokémon
WWE
Country
Soccer
hide this ad
More By:
SquawkaFootball
Quiz
Plays
Rating
Category
Featured
Created
Barcelona top 25 most expensive signings
100,203
4.00
Sports
Jul 21, 2016
Ballon d'Or top three since 2000
87,689
4.53
Sports
Nov 30, 2015
Premier League record signings
60,347
1.60
Sports
Feb 1, 2017
Top 20 Most Expensive Manchester United Transfers
54,681
4.21
Sports
Jun 27, 2016
Premier League clean sheets
52,575
1.43
Sports
Mar 8, 2020
Go to Creator's Profile
Score Distribution
Quiz Creator Spotlight
SquawkaFootball
Follow
Send a Message
Quizzes Created
-
Created Quiz Play Count
-
More By This Creator
Popular Quizzes Today
1
Find the US States - No Outlines Minefield
2
Find the Countries of Europe - No Outlines Minefield
3
The Countries of the World
4
Find the US States
5
Risky Map Clicking: Biggest States A-Z
6
US States
7
Popular People in 1961
8
Movies - When Are They Set?
More Sports Quizzes
Yankees Who Have Received MVP Votes (1923-1995)
Quiz Lab
Trending Quizzes
Risky Map Clicking: Least Populous States A-Z
1-10 Letter G Words
1-10 Letter F Words
Risky Map Clicking: Next State Alphabetically
Adjectives in 80s TV Shows
Recently Updated
Leaping Animals
pecheneg
Reality TV Shows (A-Z)
bhenderson79
Rickey Henderson's Hall of Fame Teammates
pecheneg
Champions League XIs: Arsenal
pecheneg
Quick Pick: Celebrities in WWE's Hall of Fame
aduchscher
A-Z Keypad Blitz II
pecheneg
Multiple Oscar Actors
pecheneg
Mystery Phrase Blitz: Oscar 'Best Actors'
pecheneg
F. Scott Fitzgerald Novels
LTH
Pick 3 Villains
ddd62291
Trending Topics
Kpop
Marvel
Harry Potter
NBA
Crossword
Disney
Anime
Soccer
Puzzle
Country
NFL
Song
WWE
The Office
Pokémon
Your Account Isn't Verified!
In order to create a playlist on Sporcle, you need to verify the email address you used during registration. Go to your
Sporcle Settings
to finish the process.
Report this User
Report this user for behavior that violates our
Community Guidelines
.
Details:
Send Report
Go to the Sporcle.com Mobile Site →
Comments